000
00325nam a22001457a 4500
008
231013b ||||| |||| 00| 0 eng d
020
_a
3540172351
041
_a
eng
080
_a
521
082
_a
521BUD
100
_a
19
101
_a
ASTRO
245
_a
HISTORY PF THE EARTH'S ATMOSPHERE
_c
BUDYKO.I.M
942
_2
udc
_c
BK
999
_c
60446
_d
60446